| 000 | 00343nam a2200133Ia 4500 | ||
|---|---|---|---|
| 008 | 240624s9999 xx 000 0 und d | ||
| 041 | _aeng | ||
| 082 | _a153 BAR | ||
| 100 | _aBARSALOU LAWRENCE W | ||
| 245 | _aCOGNITIVE PSYCHOLOGY AN OVERVIEW FOR COG | ||
| 260 |
_c1992 _aNew York _bPsychology Press |
||
| 300 | _a424 : p. | ||
| 365 |
_cGBP _b30 |
||
| 999 |
_c26567 _d26567 |
||